[Event "52nd Biel Master Open"]
[Site "Biel SUI"]
[Date "2019.07.25"]
[Round "4.12"]
[White "Meins, Gerlef"]
[Black "Nabaty, Tamir"]
[Result "1/2-1/2"]
[WhiteTitle "IM"]
[BlackTitle "GM"]
[WhiteElo "2417"]
[BlackElo "2678"]
[WhiteFideId "4620895"]
[BlackFideId "2809052"]
[EventDate "2019.07.22"]

1. d4 d5 2. Nf3 e6 3. Bf4 Bd6 4. Bxd6 Qxd6 5. Nbd2 Nf6 6. e3 b6 7. Ne5 Bb7 8. c3
O-O 9. Bd3 c5 10. O-O Ne4 11. Nxe4 dxe4 12. Be2 f6 13. Nc4 Qe7 14. a4 Nd7 15. a5
b5 16. a6 Bd5 17. Na5 c4 18. b3 Rac8 19. bxc4 bxc4 20. Qa4 Nb6 21. Qa3 Qd7 22.
Nb7 Rc7 23. Nc5 Qe8 24. f3 exf3 25. Bxf3 Bxf3 26. Rxf3 e5 27. e4 Qc6 28. Re1 Qd6
29. Qa1 exd4 30. cxd4 Re8 31. Kh1 Nd7 32. Nxd7 Rxd7 33. e5 Qxd4 34. exf6 Rxe1+
35. Qxe1 Qd1 36. Qg1 gxf6 37. Rf1 Qd4 38. Rc1 Qxg1+ 39. Kxg1 Rc7 40. Kf2 Kf7 41.
Ke3 Rc6 42. Rc3 Ke6 43. Kd4 Kd6 44. Rf3 Kc7 45. Kc3 Kb6 46. Rh3 Rc7 47. Rh6 Kxa6
48. Rxf6+ Kb5 49. g4 a5 50. Rf5+ Kb6 51. Rf6+ Rc6 52. g5 Kc5 53. Rf5+ Kb6 54. h4
Rc7 55. Rf6+ Kc5 56. Rf5+ Kb6 57. Rf6+ Kc5 58. Rf5+ Kd6 59. Rxa5 Ke6 60. h5 Rc8
61. Ra7 Kf5 62. Rxh7 Kxg5 63. Rd7 1/2-1/2

[Event "52nd Biel Master Open"]
[Site "Biel SUI"]
[Date "2019.07.25"]
[Round "4.13"]
[White "Sankalp, Gupta"]
[Black "Iturrizaga Bonelli, Eduardo"]
[Result "0-1"]
[BlackTitle "GM"]
[WhiteElo "2416"]
[BlackElo "2625"]
[WhiteFideId "5097010"]
[BlackFideId "3901211"]
[EventDate "2019.07.22"]

1. e4 c6 2. d4 d5 3. Nd2 dxe4 4. Nxe4 Nf6 5. Nxf6+ exf6 6. c3 Bd6 7. Bd3 O-O 8.
Qc2 Re8+ 9. Ne2 h5 10. Be3 Be6 11. c4 Nd7 12. Nc3 Rc8 13. O-O h4 14. Rfe1 Nf8
15. a3 Qa5 16. Ne4 Be7 17. b4 Qh5 18. Qd1 Bg4 19. f3 Be6 20. Ra2 b5 21. g4 hxg3
22. hxg3 bxc4 23. Bb1 Qd5 24. Rh2 f5 25. Kf2 f6 26. Nc3 Qd7 27. Reh1 Kf7 28. Qc2
Bd6 29. Ne2 Re7 30. Nf4 Rce8 31. Re1 Bxf4 32. Bxf4 Qxd4+ 33. Be3 Qd8 34. Bc5 Rd7
35. Kg1 Ng6 36. f4 Rd3 37. Rhe2 Rxg3+ 38. Kf2 Rg4 0-1

[Event "52nd Biel Master Open"]
[Site "Biel SUI"]
[Date "2019.07.25"]
[Round "4.15"]
[White "Lalith, Babu M R"]
[Black "Morawietz, Dieter"]
[Result "0-1"]
[WhiteTitle "GM"]
[BlackTitle "IM"]
[WhiteElo "2580"]
[BlackElo "2405"]
[WhiteFideId "5024595"]
[BlackFideId "4603508"]
[EventDate "2019.07.22"]

1. d4 Nf6 2. c4 e6 3. Nc3 Bb4 4. e3 b6 5. Bd2 Bb7 6. Nf3 O-O 7. Bd3 d5 8. cxd5
exd5 9. Rc1 a6 10. O-O Nbd7 11. Ne5 Nxe5 12. dxe5 Nd7 13. f4 Re8 14. Bb1 Nf8 15.
a3 Be7 16. Ne2 c5 17. Ng3 Ng6 18. Bc3 Bf8 19. Rf2 Qd7 20. Nf5 Rad8 21. h4 d4 22.
exd4 cxd4 23. Bb4 d3 24. Nd6 Bxd6 25. Bxd6 Be4 26. Bxd3 Bxd3 27. Qxd3 Qg4 28. g3
f6 29. Qb3+ Kh8 30. Bc7 Rc8 31. exf6 gxf6 32. f5 Nxh4 33. Qd3 Qg5 34. Rf4 Nxf5
35. Rfc4 Re3 36. Bf4 Rxc4 37. Qd8+ Kg7 38. Rxc4 Rxg3+ 39. Kf2 Rg2+ 40. Kf3 Qg4+
41. Ke4 Re2+ 42. Kd5 Qf3+ 0-1

[Event "52nd Biel Master Open"]
[Site "Biel SUI"]
[Date "2019.07.26"]
[Round "5.3"]
[White "Salem, A.R. Saleh"]
[Black "Brkic, Ante"]
[Result "0-1"]
[WhiteTitle "GM"]
[BlackTitle "GM"]
[WhiteElo "2672"]
[BlackElo "2573"]
[WhiteFideId "9301348"]
[BlackFideId "14506688"]
[EventDate "2019.07.22"]

1. e4 e5 2. Nf3 Nc6 3. Bb5 a6 4. Ba4 Nf6 5. d3 d6 6. c3 g6 7. O-O Bg7 8. Re1 O-O
9. Nbd2 Nd7 10. Nf1 Nc5 11. Bxc6 bxc6 12. d4 Ne6 13. Be3 Rb8 14. Rb1 f5 15. exf5
e4 16. fxe6 exf3 17. d5 cxd5 18. Ba7 Qg5 19. Ng3 Rb7 20. e7 Re8 21. Bd4 fxg2 22.
Qa4 Rb5 23. Bxg7 Kxg7 24. Re3 Qf6 25. Rbe1 Rxb2 26. f4 Rb5 27. Qd1 Rc5 28. f5
Rxc3 29. Re6 Bxe6 30. Rxe6 Qh4 31. f6+ Kf7 32. Rxd6 Rc1 33. Qxc1 cxd6 34. Qc6 0-1

[Event "52nd Biel Master Open"]
[Site "Biel SUI"]
[Date "2019.07.26"]
[Round "5.5"]
[White "Iturrizaga Bonelli, Eduardo"]
[Black "Flom, Gabriel"]
[Result "1-0"]
[WhiteTitle "GM"]
[BlackTitle "IM"]
[WhiteElo "2625"]
[BlackElo "2494"]
[WhiteFideId "3901211"]
[BlackFideId "621650"]
[EventDate "2019.07.22"]

1. c4 g6 2. d4 Bg7 3. e4 c5 4. Nf3 Nc6 5. dxc5 Qa5+ 6. Bd2 Qxc5 7. Nc3 d6 8. Nd5
Nd4 9. Bb4 Nxf3+ 10. gxf3 Qc6 11. c5 Be6 12. Bb5 Bxd5 13. Bxc6+ Bxc6 14. cxd6
Bxb2 15. Rb1 Be5 16. dxe7 g5 17. Qc1 Nxe7 18. Bxe7 Kxe7 19. Qxg5+ f6 20. Qg7+
Ke6 21. Rxb7 Bxb7 22. Qxb7 1-0

[Event "52nd Biel Master Open"]
[Site "Biel SUI"]
[Date "2019.07.26"]
[Round "5.6"]
[White "Shyam, Sundar M."]
[Black "Jumabayev, Rinat"]
[Result "1/2-1/2"]
[WhiteTitle "GM"]
[BlackTitle "GM"]
[WhiteElo "2520"]
[BlackElo "2633"]
[WhiteFideId "5019141"]
[BlackFideId "13702661"]
[EventDate "2019.07.22"]

1. e4 c5 2. Nf3 d6 3. Bb5+ Bd7 4. Bxd7+ Nxd7 5. O-O Ngf6 6. Qe2 e6 7. c4 a6 8.
Nc3 Qc7 9. b3 g6 10. d4 cxd4 11. Nxd4 Bg7 12. Bb2 O-O 13. Rfd1 Rfe8 14. Rac1
Rac8 15. Ndb5 axb5 16. Nxb5 Qb8 17. Nxd6 e5 18. Nxe8 Rxe8 19. c5 Qa7 20. Qb5
Qxa2 21. Rc2 Qa8 22. Rxd7 Nxd7 23. Qxd7 Rd8 24. Qg4 Qa2 25. Qe2 Qxb3 26. g3 Rc8
27. Kg2 Bf6 28. Bc1 Qb4 29. Bd2 Qa4 30. Bh6 Be7 31. Rb2 Rc7 32. Ra2 Qe8 33. Qb5
Qc8 34. c6 Rxc6 35. Qxe5 Bf8 36. Bxf8 Qxf8 37. Rd2 Re6 38. Qc7 Qb4 39. Qd8+ Kg7
40. Qd4+ Qxd4 41. Rxd4 b5 42. f4 Rb6 43. Rb4 Kf6 44. Kf3 Ke6 45. Ke3 Kd6 46. Kd4
h5 47. Rb2 Rb8 48. h3 f6 49. Ra2 Rb6 50. e5+ fxe5+ 51. fxe5+ Ke6 52. Rf2 Ke7 53.
Kc5 Rb8 54. Kb4 Rb6 55. Kc5 Rb8 1/2-1/2

[Event "52nd Biel Master Open"]
[Site "Biel SUI"]
[Date "2019.07.26"]
[Round "5.8"]
[White "Tabatabaei, M.amin"]
[Black "Stany, G.A."]
[Result "1-0"]
[WhiteTitle "GM"]
[BlackTitle "GM"]
[WhiteElo "2601"]
[BlackElo "2525"]
[WhiteFideId "12521213"]
[BlackFideId "5029104"]
[EventDate "2019.07.22"]

1. Nf3 Nf6 2. c4 g6 3. b3 Bg7 4. Bb2 O-O 5. g3 d6 6. Bg2 c5 7. d4 Ne4 8. O-O Nc6
9. Nbd2 Bf5 10. Nh4 Nxd2 11. Qxd2 Nxd4 12. Nxf5 Nxf5 13. Bxg7 Nxg7 14. Bxb7 Rb8
15. Bg2 Qc7 16. f4 a5 17. g4 f5 18. h3 Kh8 19. Rad1 Rb4 20. Qc3 a4 21. gxf5 gxf5
22. Rd3 axb3 23. axb3 e6 24. Rfd1 Rb6 25. Rg3 Qe7 26. Kh2 Rf6 27. Ra1 Rb8 28.
Ra7 Qxa7 29. Qxf6 Re8 30. Bc6 Rg8 31. Bf3 Qd7 32. e4 Qd8 33. e5 dxe5 34. Qxe5
Qe7 35. Bg2 h6 36. b4 cxb4 37. c5 Kh7 38. Rb3 Rc8 39. c6 Nh5 40. Qd4 Rg8 41.
Rxb4 Qh4 42. Qe3 Nf6 43. Kh1 Ng4 44. Qc3 Nf2+ 45. Kh2 Ng4+ 46. Kh1 Nf2+ 47. Kh2
Ng4+ 48. Kg1 Qf2+ 49. Kh1 Ne3 50. Rb7+ Kg6 51. Rb2 Qxf4 52. Re2 Nxg2 53. Rxg2+
Kf7 54. Rxg8 Kxg8 55. Kg2 Qe4+ 56. Kh2 Qe2+ 57. Kg1 Qa6 58. c7 Qc8 59. Kf2 Kf7
60. Ke3 Ke7 61. Qc6 e5 62. h4 h5 63. Kf3 Kf7 64. Kf2 Ke7 65. Ke3 f4+ 66. Ke4 f3
67. Kxf3 Qg4+ 68. Ke3 Qd4+ 69. Ke2 Qg4+ 70. Ke1 Qxh4+ 71. Kd2 Qh2+ 72. Kc3 Qh3+
73. Kb4 Qc8 74. Kc5 h4 75. Qd6+ Ke8 76. Qg6+ Kf8 77. Qf6+ Ke8 78. Qh8+ Kd7 79.
Qg7+ Ke8 80. Qg8+ 1-0

[Event "52nd Biel Master Open"]
[Site "Biel SUI"]
[Date "2019.07.26"]
[Round "5.10"]
[White "Santos Latasa, Jaime"]
[Black "Mastrovasilis, Athanasios"]
[Result "1-0"]
[WhiteTitle "GM"]
[BlackTitle "GM"]
[WhiteElo "2594"]
[BlackElo "2518"]
[WhiteFideId "2293307"]
[BlackFideId "4201990"]
[EventDate "2019.07.22"]

1. c4 e6 2. Nf3 d5 3. e3 dxc4 4. Bxc4 c5 5. O-O Nf6 6. d4 a6 7. dxc5 Bxc5 8.
Qxd8+ Kxd8 9. Be2 Ke7 10. Nbd2 Nbd7 11. b3 b6 12. Bb2 Bb7 13. Rfc1 Rhc8 14. Ne1
Ke8 15. Nd3 Be7 16. Nc4 Bd5 17. Nf4 Bc6 18. Rd1 Bb5 19. Bxf6 Bxf6 20. Nd6+ Kf8
21. Nxc8 Bxa1 22. Nxb6 Nxb6 23. Rxa1 g5 24. Bxb5 axb5 25. Nd3 Nd5 26. a4 bxa4
27. bxa4 Ra5 28. Kf1 Ke7 29. Ke1 Kd6 30. Kd2 Nb6 31. Nb2 g4 32. h3 gxh3 33. gxh3
Kc6 34. e4 f5 35. exf5 Rxf5 36. Ke2 Re5+ 37. Kf1 Rd5 38. a5 Rd2 39. Rc1+ Kd7 40.
Rb1 Nd5 41. a6 Nc7 42. a7 Rc2 43. Na4 Ra2 44. Rb4 Kd6 45. Rc4 h6 46. Kg2 Ra3 47.
f3 Na8 48. Rc8 Rxa4 49. Rxa8 Kc7 50. Kg3 Kb7 51. Re8 Kxa7 52. Rxe6 h5 53. h4 Kb7
54. Re4 Ra8 55. Rc4 Kb6 56. Kf4 Rf8+ 57. Kg5 Rxf3 58. Kxh5 Rg3 59. Kh6 Kb7 60.
h5 Rg1 61. Kh7 Rg5 62. h6 Rg3 63. Kh8 Rg6 64. h7 Rg2 65. Rf4 Kc6 66. Rf8 Kd7 67.
Rg8 1-0

[Event "52nd Biel Master Open"]
[Site "Biel SUI"]
[Date "2019.07.26"]
[Round "5.15"]
[White "Nabaty, Tamir"]
[Black "Sukandar, Irine Kharisma"]
[Result "0-1"]
[WhiteTitle "GM"]
[BlackTitle "IM"]
[WhiteElo "2678"]
[BlackElo "2396"]
[WhiteFideId "2809052"]
[BlackFideId "7101937"]
[EventDate "2019.07.22"]

1. Nf3 Nf6 2. b3 c5 3. Bb2 Nc6 4. e3 d6 5. d4 e6 6. dxc5 Qa5+ 7. Qd2 Qxc5 8. Nc3
Be7 9. O-O-O O-O 10. Bd3 Nb4 11. Be2 Bd7 12. a3 Nbd5 13. Nxd5 Nxd5 14. Qd4 Qxd4
15. Nxd4 Rfc8 16. Bf3 Bc6 17. Nf5 Bf8 18. c4 exf5 19. Bxd5 b5 20. Bc3 bxc4 21.
b4 g6 22. Bxc6 Rxc6 23. Rd5 Rac8 24. b5 Rc5 25. Rxc5 Rxc5 26. a4 Rc7 27. Rd1 Rd7
28. Rd5 f6 29. Kc2 Kf7 30. Bb4 Be7 31. f3 Ke6 32. Rd4 d5 33. Bxe7 Rxe7 34. e4
dxe4 35. Rxc4 Kd5 36. Rc6 Ke5 37. a5 Rd7 38. b6 axb6 39. axb6 e3 40. Rc7 Kd6 41.
Rc3 f4 42. g3 g5 43. gxf4 gxf4 44. Rc4 f5 45. Kd1 Kd5 46. Rc7 Ke6+ 47. Ke1 Rxc7 0-1

[Event "52nd Biel Master Open"]
[Site "Biel SUI"]
[Date "2019.07.26"]
[Round "5.19"]
[White "Moussard, Jules"]
[Black "Kamber, Bruno"]
[Result "1-0"]
[WhiteTitle "GM"]
[BlackTitle "FM"]
[WhiteElo "2576"]
[BlackElo "2299"]
[WhiteFideId "642908"]
[BlackFideId "1300504"]
[EventDate "2019.07.22"]

1. e4 g6 2. d4 Bg7 3. Nc3 d6 4. Be3 a6 5. h4 h5 6. Qd2 b5 7. O-O-O Bb7 8. f3 Nf6
9. Nh3 Nc6 10. Ng5 e5 11. d5 Ne7 12. Kb1 Rc8 13. g3 c6 14. dxc6 Rxc6 15. Nxb5
axb5 16. Bxb5 O-O 17. Bxc6 Nxc6 18. Qxd6 Qa8 19. Rd3 Nd4 20. Bxd4 exd4 21. Rxd4
Ne8 22. Qb6 Bxd4 23. Qxd4 Qc8 24. Qb6 Ng7 25. Rd1 Ne6 26. Nxe6 fxe6 27. b3 Kh7
28. Rd3 Ba6 29. Qa7+ Bb7 30. Qb6 Ba6 31. Rd6 Rxf3 32. Qxa6 Qc3 33. Rd1 Qe5 34.
Qc8 Kh6 35. a4 Rf7 36. a5 Kg7 37. a6 Qxe4 38. Qc3+ Kh7 39. Rd8 e5 40. Qc8 Qe1+
41. Kb2 Qe3 42. Rd7 1-0

[Event "52nd Biel Master Open"]
[Site "Biel SUI"]
[Date "2019.07.28"]
[Round "6.2"]
[White "Brkic, Ante"]
[Black "Tabatabaei, M.amin"]
[Result "1/2-1/2"]
[WhiteTitle "GM"]
[BlackTitle "GM"]
[WhiteElo "2573"]
[BlackElo "2601"]
[WhiteFideId "14506688"]
[BlackFideId "12521213"]
[EventDate "2019.07.22"]

1. e4 c5 2. Nf3 Nc6 3. d4 cxd4 4. Nxd4 Nf6 5. Nc3 e5 6. Ndb5 d6 7. Bg5 a6 8. Na3
b5 9. Nd5 Be7 10. Bxf6 Bxf6 11. c4 b4 12. Nc2 O-O 13. h4 Be6 14. g3 a5 15. Bh3
a4 16. Nce3 Nd4 17. Kf1 b3 18. Kg2 Qb8 19. axb3 Qxb3 20. Qxb3 axb3 21. Nc7 Rac8
22. Nxe6 fxe6 23. Ra6 Be7 24. Bg4 Kf7 25. Rha1 Rc7 26. Rb6 Rfc8 27. Bd1 Rc6 28.
Rb7 R8c7 29. Rb8 Rc8 30. Rb7 R8c7 31. Rb8 1/2-1/2

[Event "52nd Biel Master Open"]
[Site "Biel SUI"]
[Date "2019.07.28"]
[Round "6.4"]
[White "Iturrizaga Bonelli, Eduardo"]
[Black "Petrosyan, Manuel"]
[Result "1/2-1/2"]
[WhiteTitle "GM"]
[BlackTitle "GM"]
[WhiteElo "2625"]
[BlackElo "2592"]
[WhiteFideId "3901211"]
[BlackFideId "13300857"]
[EventDate "2019.07.22"]

1. Nf3 d5 2. d4 Nf6 3. c4 e6 4. Nc3 Bb4 5. Bg5 h6 6. Bxf6 Qxf6 7. Qb3 c5 8. cxd5
exd5 9. e3 O-O 10. dxc5 Bxc3+ 11. Qxc3 Qxc3+ 12. bxc3 Be6 13. Nd4 Rc8 14. Nb3
Nd7 15. Kd2 1/2-1/2

[Event "52nd Biel Master Open"]
[Site "Biel SUI"]
[Date "2019.07.28"]
[Round "6.7"]
[White "Flom, Gabriel"]
[Black "Salem, A.R. Saleh"]
[Result "0-1"]
[WhiteTitle "IM"]
[BlackTitle "GM"]
[WhiteElo "2494"]
[BlackElo "2672"]
[WhiteFideId "621650"]
[BlackFideId "9301348"]
[EventDate "2019.07.22"]

1. d4 Nf6 2. Bg5 g6 3. Bxf6 exf6 4. e3 d5 5. Bd3 Bd6 6. Nc3 c6 7. Qf3 f5 8. Nge2
Nd7 9. h4 Nf6 10. g3 Be6 11. Nf4 Qe7 12. Nce2 Bd7 13. O-O-O b5 14. Kb1 a5 15.
Qg2 a4 16. Rhe1 O-O 17. h5 g5 18. Nh3 h6 19. f4 g4 20. Nf2 a3 0-1

[Event "52nd Biel Master Open"]
[Site "Biel SUI"]
[Date "2019.07.28"]
[Round "6.8"]
[White "Jumabayev, Rinat"]
[Black "Harsha, Bharathakoti"]
[Result "1/2-1/2"]
[WhiteTitle "GM"]
[BlackTitle "GM"]
[WhiteElo "2633"]
[BlackElo "2486"]
[WhiteFideId "13702661"]
[BlackFideId "5078776"]
[EventDate "2019.07.22"]

1. e4 c6 2. Nc3 d5 3. Nf3 dxe4 4. Nxe4 Nf6 5. Nxf6+ exf6 6. Bc4 Bd6 7. Qe2+ Qe7
8. Qxe7+ Kxe7 9. d4 Bf5 10. c3 Re8 11. Be3 Nd7 12. Nh4 Be6 13. Bd3 Kf8 14. O-O
Nb6 15. g3 g6 16. Ng2 Nd5 17. Bd2 b5 18. Rfe1 Kg7 19. b3 a5 20. Ne3 Nxe3 21.
fxe3 a4 22. c4 axb3 23. axb3 bxc4 24. bxc4 Rab8 25. Reb1 Rxb1+ 26. Rxb1 Ra8 27.
Rb2 Ra3 28. Be2 c5 29. Kf2 Kf8 30. Rb6 Ke7 31. d5 Bd7 32. Rb1 Ra2 33. Ke1 Be5
34. e4 Ra1 35. Rxa1 Bxa1 36. Bd3 h5 37. Be3 Kd6 38. Bh6 Ke7 39. Kf2 Bd4+ 40. Kg2
Ba4 41. Bf4 Kd7 42. Kf1 Be5 43. Ke2 Kd6 44. h4 Bb3 45. Kd2 Kd7 46. Be2 Kd6 47.
Kd3 Ba4 48. Ke3 Bb3 49. Kd2 Ke7 50. Be3 Kd6 51. Bf2 Ba4 52. g4 hxg4 53. Bxg4
Bf4+ 54. Kd3 Be5 55. Be3 Bg3 56. h5 gxh5 57. Bxh5 Be8 58. Ke2 Be5 59. Bd2 Bd4
60. Ba5 Be5 61. Bb6 Bd4 62. Kf3 Ba4 63. Kf4 Be5+ 64. Ke3 Bd4+ 65. Kd2 Ke7 66.
Ba7 Bd7 67. Kd3 Bh3 68. Ke2 Bg2 69. Bf3 Bh3 70. Bb6 Kd7 71. Ba5 Ke7 72. Be1 Bd7
73. Bg3 Be5 74. Bf2 Bd6 75. Bh5 Bh3 76. Be3 Kf8 77. Kf2 Ke7 78. Bd1 Bd7 79. Bc2
Kf8 80. Ke2 Ke7 81. Kd2 Kd8 82. Kc1 Ke7 83. Kb2 Kd8 84. Ka3 Ke7 85. Bf2 Kd8 86.
Be1 Ke7 87. Ba5 Be5 88. Bb6 Bd6 89. Bd1 Kf8 90. Bd8 Kg7 91. Ba4 Bg4 92. Bc2 Bd7
93. Bd3 Be8 94. Bb1 Bd7 95. Bc2 f5 96. exf5 f6 97. Kb3 Kf7 98. Be4 Kg7 99. Kc3
Kf7 100. Bc2 Kg7 101. Kd2 Kf7 102. Ke3 Kg7 103. Ke4 Kf7 104. Bb3 Be5 105. Bd1
Ke8 106. Bb6 Bd6 107. Bh5+ Ke7 108. Bd1 Ke8 109. Ba5 Ke7 110. Bc3 Bc7 111. Bc2
Bd6 112. Bb2 Kf7 113. Bb3 Ke7 114. Bd1 Kf7 115. Bh5+ Ke7 116. Bg6 Ba4 117. Kd3
Bd1 118. Bc1 Be5 119. Be3 Bd6 120. Kc3 Kf8 121. Kd3 Ke7 122. Bd2 Kf8 123. Ba5
Ke7 124. Bb6 Bg4 125. Kd2 Bf3 126. Bh7 Kf7 127. Bd8 Bh5 128. Ke3 Kg7 129. Bg6
Bxg6 130. fxg6 Kxg6 131. Kf3 f5 132. Bh4 Kf7 133. Bg3 Bxg3 134. Kxg3 Kg7 135.
Kh3 Kf7 136. Kh4 Kg6 137. Kg3 Kg7 138. Kf3 Kf7 139. Ke2 Ke8 140. Kd2 Kd8 141.
Ke3 Ke7 142. Kf4 Kf6 143. d6 Ke6 144. d7 Kxd7 145. Kxf5 Kd6 146. Kf6 Kd7 147.
Ke5 Ke7 148. Kd5 Kd7 149. Kxc5 Kc7 150. Kd5 Kd7 151. c5 Kc7 152. c6 Kc8 153. Kd6
Kd8 154. Kc5 Kc7 155. Kb5 Kc8 156. Kb6 Kb8 157. c7+ Kc8 158. Kc6 1/2-1/2

[Event "52nd Biel Master Open"]
[Site "Biel SUI"]
[Date "2019.07.29"]
[Round "7.11"]
[White "Harsha, Bharathakoti"]
[Black "Martirosyan, Haik M."]
[Result "0-1"]
[WhiteTitle "GM"]
[BlackTitle "GM"]
[WhiteElo "2486"]
[BlackElo "2619"]
[WhiteFideId "5078776"]
[BlackFideId "13306553"]
[EventDate "2019.07.22"]

1. e4 e6 2. d4 d5 3. Nc3 Bb4 4. exd5 exd5 5. Bd3 Nf6 6. Ne2 c6 7. O-O O-O 8. a3
Be7 9. Bf4 Nh5 10. Be3 Bd6 11. Qd2 Qc7 12. Ng3 Nf4 13. Bf5 Nd7 14. Nce2 Nxe2+
15. Qxe2 g6 16. Bd3 f5 17. Bh6 Rf7 18. Qe8+ Nf8 19. f4 Qb6 20. Ne2 Rb8 21. Bxf8
Rxf8 22. Qe3 c5 23. c4 cxd4 24. Qf3 Be6 25. cxd5 Bf7 26. Qf2 Rfe8 27. Rfd1 Qxb2
28. Rab1 Qxa3 29. Nxd4 Bc5 30. Kh1 Bxd5 31. Bb5 Re4 0-1

[Event "52nd Biel Master Open"]
[Site "Biel SUI"]
[Date "2019.07.30"]
[Round "8.2"]
[White "Brkic, Ante"]
[Black "Iturrizaga Bonelli, Eduardo"]
[Result "1/2-1/2"]
[WhiteTitle "GM"]
[BlackTitle "GM"]
[WhiteElo "2573"]
[BlackElo "2625"]
[WhiteFideId "14506688"]
[BlackFideId "3901211"]
[EventDate "2019.07.22"]

1. e4 c6 2. d4 d5 3. e5 c5 4. dxc5 e6 5. a3 Nc6 6. Nf3 Bxc5 7. b4 Bb6 8. Bb2 f6
9. Bd3 fxe5 10. O-O Nf6 11. Nxe5 O-O 12. Nd2 a5 13. b5 1/2-1/2

[Event "52nd Biel Master Open"]
[Site "Biel SUI"]
[Date "2019.07.30"]
[Round "8.3"]
[White "Donchenko, Alexander"]
[Black "Petrosyan, Manuel"]
[Result "1/2-1/2"]
[WhiteTitle "GM"]
[BlackTitle "GM"]
[WhiteElo "2615"]
[BlackElo "2592"]
[WhiteFideId "24603295"]
[BlackFideId "13300857"]
[EventDate "2019.07.22"]

1. d4 Nf6 2. Nf3 d5 3. Bf4 e6 4. e3 c5 5. c3 Nc6 6. Nbd2 Be7 7. Ne5 Nxe5 8. dxe5
Nd7 9. h4 h5 10. Nf3 b6 11. Bd3 Bb7 12. Qe2 Qc7 13. O-O g6 14. Rad1 c4 15. Bc2
Nc5 16. Nd4 a6 17. Bg3 Ne4 18. Bxe4 dxe4 19. Nc2 O-O 20. Kh2 Rfd8 21. Rd4 b5 22.
Kh3 Bc5 23. Bf4 Bxd4 24. exd4 f5 25. Qe3 Bd5 26. Bg5 Rf8 27. Qg3 Qg7 28. Qf4 Kh7
29. Re1 a5 30. a3 Ra7 31. Kh2 Rb7 32. Re3 Rd7 33. Rg3 Rb7 34. Kh3 1/2-1/2

[Event "52nd Biel Master Open"]
[Site "Biel SUI"]
[Date "2019.07.30"]
[Round "8.5"]
[White "Martirosyan, Haik M."]
[Black "Vaibhav, Suri"]
[Result "1/2-1/2"]
[WhiteTitle "GM"]
[BlackTitle "GM"]
[WhiteElo "2619"]
[BlackElo "2591"]
[WhiteFideId "13306553"]
[BlackFideId "5045185"]
[EventDate "2019.07.22"]

1. Nf3 Nf6 2. g3 d5 3. Bg2 c5 4. O-O Nc6 5. d4 e6 6. c4 dxc4 7. dxc5 Qxd1 8.
Rxd1 Bxc5 9. Nbd2 c3 10. bxc3 O-O 11. Nb3 Be7 12. Nfd4 Bd7 13. Nxc6 Bxc6 14.
Bxc6 bxc6 15. c4 Rfb8 16. Bd2 Kf8 17. f3 Ke8 18. Bc3 g6 19. Kg2 Nd7 20. f4 Bb4
21. Rac1 a5 22. Kf3 a4 23. Nd4 Bxc3 24. Rxc3 Ra6 25. Ke3 Nc5 26. Nf3 Ke7 27. Rc2
Rab6 28. Rcd2 R8b7 29. g4 Nd7 30. g5 Rb4 31. Kd4 a3 32. Rc1 Rb2 33. Rcc2 f6 34.
Ke3 e5 35. gxf6+ Kxf6 36. Rc3 exf4+ 37. Kxf4 Rxd2 38. Nxd2 Rb2 39. Ne4+ Ke6 40.
Ng5+ Ke7 41. Rxa3 Rxe2 42. Re3+ Rxe3 43. Kxe3 h6 44. Ne4 c5 45. a4 Kd8 1/2-1/2

[Event "52nd Biel Master Open"]
[Site "Biel SUI"]
[Date "2019.07.30"]
[Round "8.6"]
[White "Erdos, Viktor"]
[Black "Moussard, Jules"]
[Result "1/2-1/2"]
[WhiteTitle "GM"]
[BlackTitle "GM"]
[WhiteElo "2603"]
[BlackElo "2576"]
[WhiteFideId "719978"]
[BlackFideId "642908"]
[EventDate "2019.07.22"]

1. e4 c5 2. Nf3 e6 3. c4 a6 4. Nc3 d6 5. d4 cxd4 6. Nxd4 Nf6 7. Be2 Be7 8. O-O
Qc7 9. Be3 Nbd7 10. Rc1 b6 11. Qd2 Bb7 12. f3 O-O 13. Rfd1 Rac8 14. Bf1 Rfe8 15.
Kh1 Qb8 16. b4 h5 17. b5 h4 18. bxa6 Bxa6 19. Ndb5 Ne5 20. Na4 h3 21. Nxb6 hxg2+
22. Bxg2 Nxc4 23. Rxc4 Rxc4 24. Nxc4 Bxb5 25. Rb1 Qc7 26. Nb6 Ba6 27. a4 d5 28.
exd5 Nxd5 29. Nxd5 exd5 30. Qxd5 Rd8 31. Qa2 Rd3 32. Qf2 Qc3 33. Bf4 Qc4 34. Qe1
Qxa4 35. Bg3 Qd7 36. f4 Bf8 37. Qe4 Rd2 38. Qe3 Re2 39. Qf3 Bc4 40. Qb7 Qd3 41.
Bc6 g6 42. Ra1 Bg7 43. Qc8+ Kh7 44. Qh3+ Bh6 45. Qf1 Ra2 46. Qd1 Bb5 47. Bg2 Rd2
48. Qf1 Qc3 49. Qc1 Qd4 50. Qg1 Qc4 51. Qf1 Qb3 52. Qb1 Rb2 53. Qd1 Qe6 54. Qd5
Qf6 55. Qe5 Bg7 56. Qxf6 Bxf6 57. Rc1 Bd4 58. Bd5 Rd2 59. Be1 Rd3 60. Be4 Re3
61. Bd5 Re2 62. Bc3 Be3 63. Re1 Rxe1+ 64. Bxe1 Kg7 65. Bg3 Bf1 66. Bg2 Bd3 67.
Bd5 f5 68. Kg2 Be4+ 69. Bxe4 fxe4 70. Kh3 Kf6 71. Kg4 Bg1 72. h3 Ke6 73. Be1 Be3
74. Bh4 Bd2 75. Bg3 Bb4 76. Bf2 Be7 77. Bg1 Bd8 78. Bf2 Bf6 79. Be3 Be7 80. Bf2
Bd8 81. Bg1 1/2-1/2

[Event "52nd Biel Master Open"]
[Site "Biel SUI"]
[Date "2019.07.30"]
[Round "8.10"]
[White "Jumabayev, Rinat"]
[Black "Dhulipalla, Bala Chandra Prasad"]
[Result "1-0"]
[WhiteTitle "GM"]
[BlackTitle "IM"]
[WhiteElo "2633"]
[BlackElo "2419"]
[WhiteFideId "13702661"]
[BlackFideId "25005812"]
[EventDate "2019.07.22"]

1. d4 d5 2. c4 e6 3. Nf3 a6 4. Bg5 Be7 5. Bxe7 Qxe7 6. Nbd2 Nf6 7. Rc1 O-O 8. g3
b6 9. Bg2 Bb7 10. O-O Rc8 11. Ne5 Nbd7 12. cxd5 Nxe5 13. dxe5 Nxd5 14. a3 Qe8
15. Qc2 Rab8 16. Rfd1 h6 17. Nc4 Ba8 18. h4 Ne7 19. Bxa8 Rxa8 20. Ne3 Qb5 21.
Qe4 Ng6 22. Rxc7 Qxe5 23. Rxc8+ Rxc8 24. Qb7 Rb8 25. Qa7 Nf8 26. Rd2 Rc8 27.
Qxb6 Rc1+ 28. Nd1 a5 29. Qd4 Ng6 30. Kg2 Qxd4 31. Rxd4 Rc2 32. Kf3 f5 33. Ke3
Ne5 34. f4 Nc6 35. Rd2 Rxd2 36. Kxd2 Kf7 37. Ne3 Kf6 38. Nc4 g5 39. h5 g4 40. e3
Ke7 41. Kd3 Nb8 42. Nxa5 Nd7 43. Nc6+ Kd6 44. Nd4 Nf6 45. b4 Nxh5 46. Ne2 Nf6
47. Kd4 Ne4 48. a4 h5 49. a5 Nd2 50. Kd3 Ne4 51. a6 Kc7 52. Kd4 Nd2 53. Ke5 Nc4+
54. Kxe6 Nxe3 55. b5 Kb6 56. Kf6 1-0

[Event "52nd Biel Master Open"]
[Site "Biel SUI"]
[Date "2019.07.31"]
[Round "9.4"]
[White "Xiong, Jeffery"]
[Black "Shyam, Sundar M."]
[Result "1-0"]
[WhiteTitle "GM"]
[BlackTitle "GM"]
[WhiteElo "2691"]
[BlackElo "2520"]
[WhiteFideId "2047640"]
[BlackFideId "5019141"]
[EventDate "2019.07.22"]

1. e4 c5 2. Nf3 d6 3. d4 cxd4 4. Qxd4 Nc6 5. Bb5 a6 6. Bxc6+ bxc6 7. e5 f6 8.
exd6 Qxd6 9. Qa4 e5 10. Bd2 Rb8 11. Na3 Qe6 12. Nc4 Bc5 13. O-O-O Ne7 14. Rhe1
Ng6 15. h4 h5 16. Ncxe5 Nxe5 17. Bc3 O-O 18. Nxe5 fxe5 19. Rxe5 Qg4 20. Qxc6
Qf4+ 21. Kb1 Bxf2 22. Re7 Qg4 23. Rxg7+ Qxg7 24. Bxg7 Kxg7 25. Qc7+ 1-0